Open Data Biblioteca Nacional de Portugal


República Portuguesa: Ministério da Cultura
Biblioteca Nacional de Portugal

Catálogo da BNP: acesso por Identificadores Unívocos
Registos Bibliográficos associados ao registo de autoridade

Etiqueta de registo: 00379cas 2200205 450
001 1675233
003 http://id.bnportugal.gov.pt/bib/catbnp/1675233
021 ## $aPT$b430498/17
100 ## $a20080116a19339999m y0pory01030103ba
101 0# $apor
102 ## $aPT
106 ## $ae
110 ## $acdazz 0uu0
200 1# $a O taboense$equinzenário regionalista defensor dos interesses do concelho de Táboa e do Alto distrito de Coimbra$fpropr. Gráfica Taboense$gred. e ed. António Rodrigues Andrade
207 #0 $aA. 1, nº 1 (10 jun. 1933) - a. 9, nº 205 (16 dez. 1941) ;$aS. 7, nº 1 (1 dez. 1974) - nº 642 (21 dez. 2007) ; $aA. 1, nº 1 (1 jul. 2017)-
210 #9 $aLisboa$cAntónio Rodrigues Andrade ;$a[Tábua]$cGráfica Taboense,$d1933-
215 ## $d41 cm
304 ## $aA partir de 2017 muda o sub-tít.: Tabuense : quinzenário independente e regional; propr. Égicos - Comércio e Serviços; dir. Amadeu Diniz da Fonseca
305 ## $aA partir de 1974 muda o sub-tít.: O tabuense : jornal regionalista defensor do Concelho de Tábua e do Alto Distrito de Coimbra; propr. Casa dos Tabuenses; administração Aníbal Marques; dir. A. Ferreira dos Santos
326 ## $aQuinzenal
517 1# $aTabuense$equinzenário independente e regional
517 1# $a O tabuense$ejornal regionalista defensor do Concelho de Tábua e do Alto Distrito de Coimbra
518 1# $a O tabuense
620 ## $dLisboa
620 ## $dTábua
675 ## $a908(469.322)(054)$vBN$zpor$31331869
702 #1 $aAndrade,$bAntónio Rodrigues$4300$363071
702 #1 $aMarques,$bAníbal$4650$31309990
702 #1 $92$aSantos,$bA. Ferreira dos$4300$31309995
702 #1 $aFonseca,$bAmadeu Diniz da,$f1951-$4300$31545200
712 02 $aGráfica Tabuense$4650$31698028
712 02 $aCasa dos Tabuenses$c(Lisboa)$4650$363757
712 02 $aÉgicos - Comércio e Serviços$4650$31698119
801 #0 $aPT$bBN$gRPC
856 41 $uhttp://rnod.bnportugal.gov.pt/ImagesBN/winlibimg.aspx?skey=&doc=1675233&img=104524&save=true
900 ## $aBIBNAC$d20171128
966 ## $lBN$mFGJOR$sJ. 4234 G.$x1

Etiqueta de registo: 00834cam 2200289 450
001 342731
003 http://id.bnportugal.gov.pt/bib/catbnp/342731
005 19981229000000.0
021 ## $aPT$b2225/83
095 ## $aPTBN00362584
100 ## $a19920525d1992 m y0pory0103 ba
101 0# $apor
102 ## $aPT
105 ## $aa z 000yy
106 ## $ar
200 1# $aCasa dos Tabuenses$fAntónio Rodrigues Andrade
210 #9 $a[Lisboa]$cCasa dos Tabuenses,$d1992
215 ## $a36 p.$cil.$d21 cm
601 02 $2SIPOR$363757
606 ## $2SIPOR$363756
675 ## $a353.1(469.31)(091)$vBN$zpor$3488514
675 ## $a061.2(469.31)$vBN$zpor$3488515
700 #1 $aAndrade,$bAntónio Rodrigues$363071
801 #0 $aPT$bBN$gRPC
966 ## $c2$lBN$mFGMON$sS.C. 66885 V.$x1
966 ## $c2$lBN$mFGMON$sS.C. 66885 V.$x1
997 ## $aBIBEOD

Etiqueta de registo: 00379nas 2200205 450
001 1884264
003 http://id.bnportugal.gov.pt/bib/catbnp/1884264
100 ## $a20140923b19531961m y0pory01030103ba
101 0# $apor
102 ## $aPT
106 ## $ae
110 ## $achazz 0uu0
200 1# $aBoletim$fCasa dos Tabuenses
207 #0 $aAbr. 1953 - dez. 1961
210 #9 $aLisboa$cCasa dos Tabuenses,$d1953-1961
215 ## $d22 cm
326 ## $aTrimestral
517 1# $aBoletim da Casa dos Tabuenses
620 ## $dLisboa
675 ## $a364-5(469)(054)$vBN$zpor$31552127
712 02 $aCasa dos Tabuenses$c(Lisboa)$4650$363757
801 #0 $aPT$bBN$gRPC
966 ## $lBN$mFGJOR$sJ. 664 P. $x1

Etiqueta de registo: 00000nkm 2200025 450
001 2255450
003 http://id.bnportugal.gov.pt/bib/catbnp/2255450
100 ## $a20260127d1986 m y0pory01030103ba
101 0# $apor
102 ## $aPT
200 1# $a15 aguarelas do meu bairro, Exposição de Pintura de José Augusto Paz Duarte, em colaboração com o Teatro Maizum e Casa dos Tabuenses, [Lisboa], junho 1986$bVisual gráfico]$fJunta de Freguesia de Santa Catarina
210 #9 $aLisboa$cJunta de Freguesia de Santa Catarina,$d1986
215 ## $a1 cartaz$cp&b.$d29,7x21 cm
317 ## $aColeção Madeira Luís
675 ## $a766(=1:469)"198"(084.5)$vBN$zpor$31908448
710 01 $aLisboa.$bJunta de Freguesia de Santa Catarina$371706
711 02 $aTeatro Maizum$396932
711 02 $aCasa dos Tabuenses$c(Lisboa)$363757
801 #0 $aPT$bBN$gRPC
856 41 $uhttp://rnod.bnportugal.gov.pt/ImagesBN/winlibimg.aspx?skey=&doc=2255450&img=219851&save=true
966 ## $lBN$mICONOG$sCT. 5701 P.$x3
971 ## $cCaticonografia5$d20260127
995 ## $aPRR2026 $d20260127$iCaticonografia5

OpendataBNP@bnportugal.pt | Mais informação sobre acesso aos dados BNP